• 首页
  • 本馆介绍
  • 公告通知
  • 最新文献
  • 馆藏检索
  • 电子资源
  • 读者导购
  • 参考咨询
  • 我的图书馆
  • 登录
  • 详细信息显示
  • 放入我的书架
  • 预约/预借图书
  • 作者相关作品
  • 分类相关作品
  • 丛书相关作品
  • 出版社相关作品

书目信息

  • 表格格式
  • 工作单格式
  • 卡片格式
题名:
OCLC全球在线计算机图书馆中心
    
 
作者: 吴建中 , 吴建明 主编
分册:  
出版信息: 北京   华艺出版社  2002
页数: 294页
开本: 21cm
丛书名: 二十一世纪图书馆学丛书
单 册:
中图分类: G254.36
科图分类:
主题词: 机器可读目录
电子资源:
ISBN: 7-80142-372-0
000 01265nam0 2200361 450
000 01228nam0 2200349 450
000 01637nam0 2200433 450
000 01583nam0 2200409 450
000 01514nam0 2200385 450
000 01477nam0 2200373 450
000 01439oam2 2200361 45
001 012002022942
005 20051101113100.65
010    @a7-80142-372-0@dCNY23.80
035    @a(011001)c2002015404
092    @aCN
100    @a20020312d2002 em y0chiy0110 ea
101 0  @achi
102    @aCN@b110000
105    @ay z 000yy
200 1  @aOCLC全球在线计算机图书馆中心@9OCLC quan qiu zai xian ji suan ji tu shu guan zhong xin@f吴建中,吴建明主编@Fwu jian zhong,wu jian ming zhu bian
210    @a北京@c华艺出版社@d2002
215    @a294页@d21cm
225 2  @a二十一世纪图书馆学丛书@f丘东江主编
330    @aOCLC是世界上最大的图书馆合作网。本书介绍了OCLC的创立和发展、OCLC的编目服务、OCLC的元数据服务、OCLC的未来战略等。
410  0 @12001 @a二十一世纪图书馆学丛书@1701 0@a丘东江@Aqiu dong jiang@4主编
606 0  @a机器可读目录
690    @aG254.36@v4
701  0 @a吴建中@Awu jian zhong@4主编
701  0 @a吴建明@Awu jian ming@4主编
801  0 @aCN@bTSSF@c20051101
905    @a10447@dG254.36@e65
    
    OCLC全球在线计算机图书馆中心/吴建中,吴建明主编.-北京:华艺出版社,2002
    294页;21cm.-(二十一世纪图书馆学丛书/丘东江主编)
    
    
    ISBN 7-80142-372-0:CNY23.80
    OCLC是世界上最大的图书馆合作网。本书介绍了OCLC的创立和发展、OCLC的编目服务、OCLC的元数据服务、OCLC的未来战略等。
●
相关链接 在E读中查询图书 在五车中查询图书 在当当中查询图书 在豆瓣中查询图书


正题名:OCLC全球在线计算机图书馆中心     索取号:G254.36/65         预约/预借

序号 登录号 条形码 馆藏地/架位号 状态 备注
1 0337602   203376024   第一样本阅览室/ [索取号:G254.36/65] 在馆    
唐山师范学院图书馆 欢迎您!
大连网信软件有限公司© 版权所有